000
00300nam a22001337a 4500
003
SGT
082
_a
615.532
_b
D16G
100
_a
GOEL,SUMIT
245
_a
DECODING THE DOSE:EVOLUTION OF THE CONCEPTS
260
_a
INDIA
_b
B.JAIN PUB
_c
2016
300
_a
255
650
_a
HOMEOPATHIC
942
_2
ddc
_c
BK
999
_c
20424
_d
20424